<?xml version="1.0" encoding="UTF-8"?>
<record
    xmlns:xsi="http://www.w3.org/2001/XMLSchema-instance"
    xsi:schemaLocation="http://www.loc.gov/MARC21/slim http://www.loc.gov/standards/marcxml/schema/MARC21slim.xsd"
    xmlns="http://www.loc.gov/MARC21/slim">

  <leader>03011njm a2200505Ia 4500</leader>
  <controlfield tag="001">20751</controlfield>
  <controlfield tag="003">IT-RoPAU</controlfield>
  <controlfield tag="005">20220918181120.0</controlfield>
  <controlfield tag="008">131025s9999    xx            000 0 und d</controlfield>
  <datafield tag="040" ind1=" " ind2=" ">
    <subfield code="a">IT-RoPAU</subfield>
  </datafield>
  <datafield tag="040" ind1=" " ind2=" ">
    <subfield code="c">IT-RoPAU</subfield>
  </datafield>
  <datafield tag="041" ind1=" " ind2=" ">
    <subfield code="a">ITALIANO</subfield>
  </datafield>
  <datafield tag="999" ind1=" " ind2=" ">
    <subfield code="c">99745</subfield>
    <subfield code="d">99745</subfield>
  </datafield>
  <datafield tag="999" ind1=" " ind2=" ">
    <subfield code="b">n.d.</subfield>
  </datafield>
  <datafield tag="100" ind1=" " ind2=" ">
    <subfield code="a">AA.VV.</subfield>
    <subfield code="9">794</subfield>
  </datafield>
  <datafield tag="100" ind1=" " ind2=" ">
    <subfield code="e">Autore musica</subfield>
    <subfield code="9">2851</subfield>
  </datafield>
  <datafield tag="100" ind1=" " ind2=" ">
    <subfield code="g">Codice autore musica SPICS: 12000</subfield>
    <subfield code="9">796</subfield>
  </datafield>
  <datafield tag="245" ind1=" " ind2=" ">
    <subfield code="a">C'eravamo tanto amati (disco)</subfield>
  </datafield>
  <datafield tag="250" ind1=" " ind2=" ">
    <subfield code="a">2a ed.</subfield>
  </datafield>
  <datafield tag="260" ind1=" " ind2=" ">
    <subfield code="a">MILANO</subfield>
  </datafield>
  <datafield tag="260" ind1=" " ind2=" ">
    <subfield code="b">FRATELLI FABBRI EDITORI</subfield>
    <subfield code="c">1982 [1a Ed.:1970]</subfield>
  </datafield>
  <datafield tag="300" ind1=" " ind2=" ">
    <subfield code="a">DISCO</subfield>
  </datafield>
  <datafield tag="300" ind1=" " ind2=" ">
    <subfield code="c">27 minuti (Testo:  pag.)</subfield>
  </datafield>
  <datafield tag="500" ind1=" " ind2=" ">
    <subfield code="a">La canzone italiana. Salotti e cabaret anni '20. Ricordi, giovent&#xF9;, tristezza, dolore, destino, vendetta, piangere, morire, sogno, ricordo rimpianto, notte, amore.</subfield>
  </datafield>
  <datafield tag="505" ind1=" " ind2=" ">
    <subfield code="a">Abat-Jour [(Cherubini/Stolz-N.Ossani) (3:00)] - La signora di trent'anni fa [(Natali/Leone-Togliani) (4:00)] - Le rose rosse [(E.A.Mario-Milva) (4:00)] - Addio signora [(Simi/Neri-Villa) (4:00)] - Finestra chiusa [(Bracchi/D'Anzi-Milva) (4:00)] - Chi siete? [(Cosentino/De Filippis-A.Togliani) (3:00)] - Come pioveva [(Gil/Testa-Ossani) (4:00)] - Ricordi ancor le mie parole [(Bracchi/D'Anzi-C.Moreno) (4:00)]</subfield>
  </datafield>
  <datafield tag="511" ind1=" " ind2=" ">
    <subfield code="a">Ossani Nilo</subfield>
  </datafield>
  <datafield tag="511" ind1=" " ind2=" ">
    <subfield code="a">Togliani Achille</subfield>
  </datafield>
  <datafield tag="511" ind1=" " ind2=" ">
    <subfield code="a">Milva (Biolcati Maria Ilva)</subfield>
  </datafield>
  <datafield tag="511" ind1=" " ind2=" ">
    <subfield code="a">Villa Claudio</subfield>
  </datafield>
  <datafield tag="511" ind1=" " ind2=" ">
    <subfield code="a">Moreno Carlo</subfield>
  </datafield>
  <datafield tag="650" ind1=" " ind2=" ">
    <subfield code="a">CANZONE ITALIAN [DISCHI]</subfield>
    <subfield code="e">Codice MATERIA SPICS: 9950</subfield>
    <subfield code="9">2852</subfield>
  </datafield>
  <datafield tag="700" ind1=" " ind2=" ">
    <subfield code="a">Stolz Robert</subfield>
    <subfield code="d">Codice autore musica SPICS: 13453</subfield>
    <subfield code="e">Autore musica</subfield>
    <subfield code="p">Abat-Jour </subfield>
    <subfield code="9">2853</subfield>
  </datafield>
  <datafield tag="700" ind1=" " ind2=" ">
    <subfield code="a">Cherubini Bixio</subfield>
    <subfield code="d">Codice autore testo/musica SPICS: 13442</subfield>
    <subfield code="e">Autore testo/musica</subfield>
    <subfield code="p">Abat-Jour </subfield>
    <subfield code="9">2854</subfield>
  </datafield>
  <datafield tag="700" ind1=" " ind2=" ">
    <subfield code="a">Leoni Guido</subfield>
    <subfield code="d">Codice autore musica SPICS: 13455</subfield>
    <subfield code="e">Autore musica</subfield>
    <subfield code="p">La signora di trent'anni fa</subfield>
    <subfield code="9">2855</subfield>
  </datafield>
  <datafield tag="700" ind1=" " ind2=" ">
    <subfield code="a">Natali Nuccia</subfield>
    <subfield code="d">Codice autore testo/musica SPICS: 13454</subfield>
    <subfield code="e">Autore testo/musica</subfield>
    <subfield code="p">La signora di trent'anni fa</subfield>
    <subfield code="9">2856</subfield>
  </datafield>
  <datafield tag="700" ind1=" " ind2=" ">
    <subfield code="a">Mario E.A. (Gaeta Giovanni)</subfield>
    <subfield code="d">Codice autore testo/musica SPICS: 13440</subfield>
    <subfield code="e">Autore testo/musica</subfield>
    <subfield code="p">Le rose rosse</subfield>
    <subfield code="9">2857</subfield>
  </datafield>
  <datafield tag="700" ind1=" " ind2=" ">
    <subfield code="a">Neri Ennio</subfield>
    <subfield code="d">Codice autore musica SPICS: 13457</subfield>
    <subfield code="e">Autore musica</subfield>
    <subfield code="p">Addio signora</subfield>
    <subfield code="9">2858</subfield>
  </datafield>
  <datafield tag="700" ind1=" " ind2=" ">
    <subfield code="a">Simi Gino</subfield>
    <subfield code="d">Codice autore testo/musica SPICS: 13456</subfield>
    <subfield code="e">Autore testo/music</subfield>
    <subfield code="p">Addio signora</subfield>
    <subfield code="9">2859</subfield>
  </datafield>
  <datafield tag="700" ind1=" " ind2=" ">
    <subfield code="a">D'Anzi Giovanni</subfield>
    <subfield code="d">Codice autore musica SPICS: 13458</subfield>
    <subfield code="e">Autore musica</subfield>
    <subfield code="p">Finestra chiusa - Ricordi ancor le mie parole</subfield>
    <subfield code="9">2860</subfield>
  </datafield>
  <datafield tag="700" ind1=" " ind2=" ">
    <subfield code="a">Bracchi Alfredo</subfield>
    <subfield code="d">Codice autore testo/musica SPICS: 13448</subfield>
    <subfield code="e">Autore testo/musica</subfield>
    <subfield code="p">Finestra chiusa</subfield>
    <subfield code="9">2861</subfield>
  </datafield>
  <datafield tag="700" ind1=" " ind2=" ">
    <subfield code="a">De Filippis Tommaso</subfield>
    <subfield code="d">Codice autore musica SPICS: 13433</subfield>
    <subfield code="e">Autore musica</subfield>
    <subfield code="p">Chi siete?</subfield>
    <subfield code="9">2862</subfield>
  </datafield>
  <datafield tag="700" ind1=" " ind2=" ">
    <subfield code="a">Cosentino Saro</subfield>
    <subfield code="d">Codice autore testo/musica SPICS: 13459</subfield>
    <subfield code="e">Autore testo/musica</subfield>
    <subfield code="p">Chi siete?</subfield>
    <subfield code="9">2863</subfield>
  </datafield>
  <datafield tag="700" ind1=" " ind2=" ">
    <subfield code="a">Gill Armando (=Testa Michele)</subfield>
    <subfield code="d">Codice autore testo/musica SPICS: 13460</subfield>
    <subfield code="e">Autore testo/musica</subfield>
    <subfield code="p">Come pioveva</subfield>
    <subfield code="q">Ricordi ancor le mie parole</subfield>
    <subfield code="9">2864</subfield>
  </datafield>
  <datafield tag="700" ind1=" " ind2=" ">
    <subfield code="a">Bracchi Alfredo</subfield>
    <subfield code="d">Codice autore testo/musica SPICS: 13448</subfield>
    <subfield code="e">Autore testo/musica</subfield>
    <subfield code="p">Ricordi ancor le mie parole</subfield>
    <subfield code="9">2865</subfield>
  </datafield>
  <datafield tag="942" ind1=" " ind2=" ">
    <subfield code="c">MD</subfield>
    <subfield code="2">ddc</subfield>
  </datafield>
  <datafield tag="952" ind1=" " ind2=" ">
    <subfield code="0">0</subfield>
    <subfield code="1">0</subfield>
    <subfield code="4">0</subfield>
    <subfield code="6">20751_000000000000000</subfield>
    <subfield code="7">1</subfield>
    <subfield code="a">SPICS</subfield>
    <subfield code="b">SPICS</subfield>
    <subfield code="d">2013-10-25</subfield>
    <subfield code="l">0</subfield>
    <subfield code="o">20751</subfield>
    <subfield code="r">2013-10-25 00:00:00</subfield>
    <subfield code="w">2013-10-25</subfield>
    <subfield code="y">MD</subfield>
    <subfield code="z">Progr. Ins.: 4054 / N.Vol.: 1 / Copie: 2 - Copia rara: n.d. / date import: 01.01.2014 - By Epidotti, Trombetti, Vaglietti</subfield>
  </datafield>
</record>
